<?xml version="1.0" encoding="UTF-8"?><?xml-stylesheet type="text/xsl" href="static/style.xsl"?><OAI-PMH xmlns="http://www.openarchives.org/OAI/2.0/" xmlns:xsi="http://www.w3.org/2001/XMLSchema-instance" xsi:schemaLocation="http://www.openarchives.org/OAI/2.0/ http://www.openarchives.org/OAI/2.0/OAI-PMH.xsd"><responseDate>2026-04-28T19:06:09Z</responseDate><request verb="GetRecord" identifier="oai:uvadoc.uva.es:10324/32632" metadataPrefix="marc">https://uvadoc.uva.es/oai/request</request><GetRecord><record><header><identifier>oai:uvadoc.uva.es:10324/32632</identifier><datestamp>2025-03-26T19:10:04Z</datestamp><setSpec>com_10324_28542</setSpec><setSpec>com_10324_952</setSpec><setSpec>com_10324_894</setSpec><setSpec>col_10324_28543</setSpec></header><metadata><record xmlns="http://www.loc.gov/MARC21/slim" xmlns:doc="http://www.lyncode.com/xoai" xmlns:xsi="http://www.w3.org/2001/XMLSchema-instance" xmlns:dcterms="http://purl.org/dc/terms/" xsi:schemaLocation="http://www.loc.gov/MARC21/slim http://www.loc.gov/standards/marcxml/schema/MARC21slim.xsd">
<leader>00925njm 22002777a 4500</leader>
<datafield tag="042" ind1=" " ind2=" ">
<subfield code="a">dc</subfield>
</datafield>
<datafield tag="720" ind1=" " ind2=" ">
<subfield code="a">Peñas de Frutos, Marconi Nicolás</subfield>
<subfield code="e">author</subfield>
</datafield>
<datafield tag="720" ind1=" " ind2=" ">
<subfield code="a">Bartolomé Albistegui, María del Camino</subfield>
<subfield code="e">author</subfield>
</datafield>
<datafield tag="720" ind1=" " ind2=" ">
<subfield code="a">Espinet Rubio, Pablo</subfield>
<subfield code="e">author</subfield>
</datafield>
<datafield tag="260" ind1=" " ind2=" ">
<subfield code="c">2018</subfield>
</datafield>
<datafield tag="520" ind1=" " ind2=" ">
<subfield code="a">The pentacoordinated [RhCp*Rf2] (Rf = C6F3Cl2-3,5) and the octahedral (μ-Cl)2[RhCp*Rf]2, obtained by stoichiometric rearrangement with (μ-Cl)2[RhCp*Cl]2, are general precursors of [RhCp*RfXL] (X = Rf, Cl; L = ligand) complexes, which were studied by NMR (L dissociation and fluxional processes) and X-ray diffraction (structural effects affecting the Rh–Cp* distances) techniques. The Rh–Cp*centroid distances decrease markedly for identical L in the order [RhCp*Rf2L] > [RhCp*RfClL] > [RhCp*Cl2L] and are further influenced regularly within each family by the trans influence of L (longer distances for higher trans influence of L). The structural effects observed reveal a remarkable capability of Cp* to act as an electron-density buffer, which attenuates the Rh electron density variations induced by the substituents in front of Cp* by releasing toward Rh or polarizing toward Cp*, on demand, the electron density of the Rh–Cp* bonds. This buffer effect explains the easy L dissociation from [RhCp*Rf2L] and the accessibility to formally 16e pentacoordinated [RhCp*Rf2].</subfield>
</datafield>
<datafield tag="024" ind2=" " ind1="8">
<subfield code="a">Organometallics, 2018, 37 (20), pp 3533–3542</subfield>
</datafield>
<datafield tag="024" ind2=" " ind1="8">
<subfield code="a">0276-7333</subfield>
</datafield>
<datafield tag="024" ind2=" " ind1="8">
<subfield code="a">http://uvadoc.uva.es/handle/10324/32632</subfield>
</datafield>
<datafield tag="024" ind2=" " ind1="8">
<subfield code="a">10.1021/acs.organomet.8b00227</subfield>
</datafield>
<datafield tag="245" ind1="0" ind2="0">
<subfield code="a">Coordinatively Unsaturated [RhCp*Rf2] (Cp* = C5Me5; Rf = C6F3Cl2-3,5), General Precursor to Cp*-Diaryl and Cp*-Halo-Aryl RhIII Complexes. Observing and Testing the Effect of Cp* as Electronic Buffer</subfield>
</datafield>
</record></metadata></record></GetRecord></OAI-PMH>